Κλιματική αλλαγή και ασφάλεια στη Μεσόγειο : προβλήματα και προοπτικές : διπλωματική εργασία [μεταπτυχιακή εργασία]

Αποθηκεύτηκε σε:
Λεπτομέρειες βιβλιογραφικής εγγραφής
Κύριος συγγραφέας: Βασιλάκη, Αργυρώ
Συγγραφή απο Οργανισμό/Αρχή: Πανεπιστήμιο Αιγαίου Σχολή Ανθρωπιστικών Επιστημών Τμήμα Μεσογειακών Σπουδών Πρόγραμμα Μεταπτυχιακών Σπουδών Πολιτικές, Οικονομικές και Διεθνείς Σχέσεις στη Μεσόγειο
Άλλοι συγγραφείς: Τσάκωνας, Παναγιώτης Ι. (Εισηγητής διατριβής)
Μορφή: Thesis Βιβλίο
Γλώσσα:Greek
Δημοσίευση: 2010
Θέματα:
Διαθέσιμο Online:http://hdl.handle.net/11610/12272
Ετικέτες: Προσθήκη ετικέτας
Δεν υπάρχουν, Καταχωρήστε ετικέτα πρώτοι!

MARC

LEADER 00000cam a2200000 i 4500
001 1/13419
008 110602s2010 gre d
035 |l 10110191 
040 |a GR-MY-UA  |b gre  |e aacr 
041 0 |a gre 
082 0 |a 363.7387  |2 (22) 
100 1 |a Βασιλάκη, Αργυρώ. 
245 1 0 |a Κλιματική αλλαγή και ασφάλεια στη Μεσόγειο :  |b προβλήματα και προοπτικές : διπλωματική εργασία [μεταπτυχιακή εργασία] /  |c Βασιλάκη Αργυρώ ; επιβλέπων: Παναγιώτης Τσάκωνας 
260 |c 2010 
300 |a 73 σ.;  |b πιν.;  |c 30 εκ. 
500 |a Μέλη εξεταστικής επιτροπής: Ιωάννης Σεϊμένης, Παρασκευή Κεφαλά 
502 |a Διατριβή (μεταπτυχιακή) – Πανεπιστήμιο Αιγαίου, Ρόδος, 2010. 
504 |a Βιβλιογραφία: σ. 65-73 
650 0 0 |a Climatic changes  |z Mediterranean Region. 
650 0 0 |a Environmental protection  |z Mediterranean Region. 
650 0 0 |a Climatic changes  |x Environmental aspects. 
650 0 0 |a Dissertations, Academic  |z Greece. 
700 1 |4 ths  |a Τσάκωνας, Παναγιώτης Ι. 
710 2 |a Πανεπιστήμιο Αιγαίου  |b Σχολή Ανθρωπιστικών Επιστημών  |b Τμήμα Μεσογειακών Σπουδών  |b Πρόγραμμα Μεταπτυχιακών Σπουδών Πολιτικές, Οικονομικές και Διεθνείς Σχέσεις στη Μεσόγειο. 
852 |a INST  |b RHODES  |c DIATR  |e 20110602  |h 363.7387 ΒΑΣ  |p 005400033279  |q 005400033279  |t MTXE  |y 23 
852 |a INST  |b RHODES  |c DIATR  |e 20110602  |h 363.7387 ΒΑΣ  |p 005400033393  |q 005400033393  |t MTXE  |y 23 
856 |u http://hdl.handle.net/11610/12272 
901 |a BIBL4-2011-2 
909 |a Ρ  |b 163600 
909 |a Ρ  |b 163601 
924 |a ΒΑΣΙΛΑΚΗ  |b ΑΡΓΥΡΩ  |y ΡΟΔΟΣ  |z 2011-06 
970 |z 2010/05/